000 01373nam a2200397 i 4500
001 15218
003 KOSZ 005
005 20200404144125.0
008 200404s1972 pl a f 000 0 pol
015 _aPB 1973/2154
035 _a(OCoLC)749764193
040 _aWA N
_cWA N
_dKOSZ 005/EC
_dKOSZ 005/RW
046 _k1972
080 _a621.9.06
080 _a621.51/.54
100 1 _aStawiarski, Dariusz
_eAutor
245 1 0 _aUrządzenia pneumatyczne w obrabiarkach i przyrządach /
_cDariusz Stawiarski.
260 _aWarszawa :
_bWydawnictwa Naukowo-Techniczne,
_c1972.
300 _a302, [1] strony :
_bilustracje ;
_c24 cm.
336 _aTekst
_btxt
_2rdacontent
337 _aBez urządzenia pośredniczącego
_bn
_2rdamedia
338 _aWolumin
_bnc
_2rdacarrier
380 _aKsiążki
380 _aPublikacje fachowe
388 _a1901-2000
388 _a1945-1989
504 _aBibliografia na stronach 279-282.
521 8 _aKsiążka przeznaczona jest dla inżynierów i techników.
650 7 _aObrabiarka
650 7 _aMaszyny i narzędzia pneumatyczne
655 7 _aOpracowanie
658 _aInżynieria i technika
710 2 _aWydawnictwa Naukowo-Techniczne
_4pbl.
856 _uhttp://koha.tu.koszalin.pl/cgi-bin/koha/opac-detail.pl?biblionumber=15218
_yKatalog online BPK
942 _2UKD
_cKS
999 _c15218
_d15218